| 000 | 00356 a2200157 4500 | ||
|---|---|---|---|
| 001 | 59987 | ||
| 020 | _a9783190318711 | ||
| 040 | _cAnchieta - Pituba | ||
| 100 | _aDouvitsas, Jutta | ||
| 240 | 1 | 0 |
_aSindbad der seefahrer _lpor |
| 245 | 1 | 0 | _aSindbad der seefahrer |
| 300 | _a24 | ||
| 362 | 0 | _a2007 | |
| 650 | 4 | _aLiteratura juvenil em alemão | |
| 942 | _cBK | ||
| 999 |
_c59987 _d59987 |
||